Language Quiz

Random Language Quiz

120 Common Russian Nouns Quiz Stats

 Plays Quiz not verified by Sporcle

Also try: Eek Words
Challenge
Share
Tweet
Embed
Score 0/120 Timer 15:00
0 Plays Today
Russian English % Correct
домhome
90.1%
моментmoment
89.4%
братbrother
89.1%
школаschool
88.8%
водаwater
87.8%
машинаcar
87.8%
газетаnewspaper
87.7%
историяhistory
87.4%
работаwork
87%
системаsystem
86.9%
другfriend
86.5%
минутаminute
86.5%
деньday
86.3%
книгаbook
85.9%
городcity
85.3%
группаgroup
85.3%
сынson
85.2%
ночьnight
85%
собакаdog
85%
матьmother
83.9%
столtable
83.8%
любовьlove
83.5%
отецfather
83.1%
утроmorning
83%
окноwindow
82.9%
девушкаgirl
82.9%
языкlanguage
82.6%
женаwife
82.2%
имяname
82.1%
мирworld
81.8%
женщинаwoman
81.3%
мальчикboy
81.2%
мужhusband
80.7%
вечерevening
80.5%
человекperson
79.8%
комнатаroom
79.8%
улицаstreet
79.6%
годyear
79.4%
часhour
78.9%
письмоletter
78.9%
Russian English % Correct
семьяfamily
78.7%
словоword
78.5%
мужчинаman
78.1%
глазeye
77.6%
деньгиmoney
76.5%
снегsnow
76.5%
дверьdoor
76.1%
правдаtruth
76%
богgod
75.4%
рукаhand
74.6%
квартираapartment
74.6%
жизньlife
74.4%
солнцеsun
74.2%
носnose
74.2%
времяtime
74.1%
ребёнокchild
73.8%
головаhead
71.2%
вопросquestion
71.2%
странаcountry
71.2%
месяцmonth
71.2%
войнаwar
70.3%
разtime
69.5%
неделяweek
69.1%
конецend
66.8%
ухоear
66.7%
помощьhelp
66.4%
местоplace
65.6%
ногаfoot
65.6%
правоright
65.6%
смертьdeath
65%
лицоface
64.9%
лесforest
64.9%
светlight
62.5%
сердцеheart
62.4%
ответanswer
62%
земляearth
61.3%
голосvoice
61.1%
небоsky
60.8%
полfloor
60.4%
разговорconversation
60.4%
Russian English % Correct
душаsoul
59.9%
старикold man
59.7%
стенаwall
58.2%
дорогаroad
57.1%
началоbeginning
56.9%
народnation
56.8%
кровьblood
55.6%
спинаback
55.3%
деревоtree
55%
ребятаchildren
54%
делоdeal
51.4%
палецfinger
51.4%
видview
50.7%
частьpart
50.6%
пареньguy
50.1%
чувствоfeeling
49.2%
сонdream
48.4%
воздухair
48.1%
трудlabor
47.2%
телоbody
45.8%
силаstrength
45.5%
властьpower
44.9%
путьway
44.2%
мысльidea
43.6%
начальникboss
43.6%
шагstep
43.2%
берегshore
43.1%
плечоshoulder
41%
вниманиеattention
41%
сторонаside
40.5%
пораtime (It's time to...)
39.8%
рядline
38.9%
дворyard
35.7%
отношениеrelationship
35.3%
взглядglance
34.2%
движениеmovement
32.2%
смыслpurpose
30.6%
случайcase
29.2%
образshape
27.5%
порядокorder
27.4%

You're not logged in!

Compare scores with friends on all Sporcle quizzes.
Join for Free
OR
Log In

You Might Also Like...

Show Comments

Extras

Created May 1, 2010ReportNominate
Tags:120, common, English, noun, Russia

Top Quizzes Today


Score Distribution

Your Account Isn't Verified!

In order to create a playlist on Sporcle, you need to verify the email address you used during registration. Go to your Sporcle Settings to finish the process.

Report this User

Report this user for behavior that violates our Community Guidelines.

Details: